| 000 | 00634nam a2200241 a 4500 | ||
|---|---|---|---|
| 001 | BRCA_5436 | ||
| 005 | 20190320205057.0 | ||
| 008 | 141210s1941----au-a######---#000-0#ger-# | ||
| 041 | _ager | ||
| 044 | _aau | ||
| 050 | 4 |
_aND588 _b.B35 1941 |
|
| 100 | 1 |
_aBaldass, Ludwig von _913881 |
|
| 245 | 1 | 0 |
_aAlbrecht Altdorfer _cLudwig von Baldass. |
| 260 |
_aViena _bGallus _c1941 |
||
| 300 |
_a328 p. _bil. _c26 cm. |
||
| 500 | _aIncluye apéndices | ||
| 500 | _aE151 | ||
| 600 | 1 | 4 |
_aAltdorfer, Albrecht _d1480-1538 _913882 |
| 650 | 1 | 4 |
_aPintores alemanes _9797 |
| 650 | 1 | 4 |
_aGrabadores alemanes _97216 |
| 902 | _aGFM | ||
| 942 |
_2lcc _cB |
||
| 999 |
_c5130 _d5130 |
||